Jab Pyar Kisi Se Hota Hai / (Jab Pyar Kisi Se Hota Hai) (Record no. 44321)

MARC details
000 -LEADER
fixed length control field 01057njm a22002537a 4500
005 - DATE AND TIME OF LATEST TRANSACTION
control field 2010090706426.0
006 - FIXED-LENGTH DATA ELEMENTS--ADDITIONAL MATERIAL CHARACTERISTICS--GENERAL INFORMATION
fixed length control field a|||||r|||||00| 0
007 - PHYSICAL DESCRIPTION FIXED FIELD--GENERAL INFORMATION
fixed length control field sd ammalaaahaa
008 - FIXED-LENGTH DATA ELEMENTS--GENERAL INFORMATION
fixed length control field 100907t xxu||||| |||| 00| 0 eng d
028 ## - PUBLISHER NUMBER
Publisher number 3AEX.5019
Source Angel Records
035 ## - SYSTEM CONTROL NUMBER
System control number GR-01057
040 ## - CATALOGING SOURCE
Original cataloging agency SED
Transcribing agency SED
100 ## - MAIN ENTRY--PERSONAL NAME
9 (RLIN) 17690
245 ## - TITLE STATEMENT
Title Jab Pyar Kisi Se Hota Hai / (Jab Pyar Kisi Se Hota Hai)
Medium [Sound Recording] :
246 ## - VARYING FORM OF TITLE
Title proper/short title जब प्यार किसी से होता है /(जब प्यार किसी से होता है )
260 ## - PUBLICATION, DISTRIBUTION, ETC. (IMPRINT)
Place of publication, distribution, etc Dum Dum India
Name of publisher, distributor, etc Angel Records
300 ## - PHYSICAL DESCRIPTION
Extent 1 sound disc (Gramophone Recording)
Other physical details analog, 33 1/3 rpm
Dimensions 12 in. (LP)
Type of unit Gramophone Record
440 ## - SERIES STATEMENT/ADDED ENTRY--TITLE
9 (RLIN) 18739
500 ## - GENERAL NOTE
General note Brief Record
505 ## - FORMATTED CONTENTS NOTE
Formatted contents note Side-2 तेरी प्यारी प्यारी सूरत (Teri Pyari Pyari Surat) (Sasural)
650 ## - SUBJECT ADDED ENTRY--TOPICAL TERM
Topical term or geographic name as entry element Motion Picture Music
General subdivision Excerpts
Geographic subdivision India
9 (RLIN) 17691
942 ## - ADDED ENTRY ELEMENTS (KOHA)
Source of classification or shelving scheme Dewey Decimal Classification
Item type Gramaphone Records
Holdings
Withdrawn status Lost status Source of classification or shelving scheme Damaged status Not for loan Collection code Home library Current library Date acquired Source of acquisition Total Checkouts Barcode Date last seen Copy number Price effective from Koha item type
    Dewey Decimal Classification   Not For Loan Non-fiction Central Library Central Library 07/09/2010 SED/VEN   GR-01057 07/09/2010 1 07/09/2010 Gramaphone Records

© Delhi Public Library
Hit Counter
free hit counter